000 00672nam a2200205Ia 4500
001 1700
003 GE_BSU
008 181216s||||||||xx |||||||||||||| ||und||
010 _aნასესხები სიცოცხლე
040 _cGE_BSU
100 _aრემარკი,ერიხ მარია
245 _aნასესხები სიცოცხლე.
245 _cგერმანულიდან თარგმ.გივი ბახტაძემ
260 _aბათუმი
260 _bსაბჭოთა აჭარა
260 _c1977
300 _a268 გვ. 21 სმ.
541 _h6ლ.
942 _cBK
999 _c35811
_d35811